Normal view
MARC view
Entry Personal Name
001 - CONTROL NUMBER
- control field: 37342
003 - CONTROL NUMBER IDENTIFIER
- control field: ARRUPE
005 - DATE AND TIME OF LATEST TRANSACTION
- control field: 20171030120337.0
008 - FIXED-LENGTH DATA ELEMENTS
- fixed length control field: 171030|| aca||aabn | a|a d
040 ## - CATALOGING SOURCE
- Original cataloging agency: ARRUPE
- Transcribing agency: ARRUPE
100 ## - HEADING--PERSONAL NAME
- Personal name: Macbeth,
- Titles and other words associated with a name: King of Scotland,
- Dates associated with a name: active 11th century
- General subdivision: In literature.
670 ## - SOURCE DATA FOUND
- Source citation: Work cat.: (ARRUPE)0: Shakespeare, William 15960, Macbeth, 1977.